[Event "CRO-chT (Women) 31st"]
[Site "Veli Losinj"]
[Date "2023.10.12"]
[Round "2.3"]
[White "Sulc, Gordana"]
[Black "Batory, Lucija"]
[Result "1-0"]
[WhiteElo "1815"]
[BlackElo "1712"]
[PlyCount "49"]
[EventDate "2023.10.11"]
[EventType "team-tourn"]
[EventRounds "9"]
[EventCountry "CRO"]
[SourceTitle "Mega2024 Update 01"]
[Source "Chessbase"]
[SourceDate "2023.11.12"]
[SourceVersion "1"]
[SourceVersionDate "2023.11.12"]
[SourceQuality "1"]
[WhiteTeam "Zagreb Caissa (W)"]
[BlackTeam "Strizivojna Amater (W)"]
[WhiteTeamCountry "CRO"]
[BlackTeamCountry "CRO"]

1. e4 d5 2. exd5 Qxd5 3. Nc3 Qa5 4. Bc4 Nf6 5. h3 Bf5 6. Nf3 c6 7. Qe2 e6 8. d3 Bb4 9. 0-0 Bxc3 10. bxc3 Qxc3 11. Bd2 Qa3 12. Nh4 Bg6 13. Rab1 Qe7 14. f4 Nd5 15. Qf2 0-0 16. Bxd5 cxd5 17. Bb4 Qc7 18. Bxf8 Kxf8 19. f5 exf5 20. Nxf5 Nd7 21. Rb5 Nb6 22. Rc5 Qd7 23. Qf4 Rc8 24. Rxc8+ Qxc8 25. Qd6+ 1-0

[Event "CRO-chT (Women) 31st"]
[Site "Veli Losinj"]
[Date "2023.10.11"]
[Round "1.3"]
[White "Ascic, Josipa"]
[Black "Sulc, Gordana"]
[Result "0-1"]
[WhiteElo "1541"]
[BlackElo "1815"]
[PlyCount "29"]
[EventDate "2023.10.11"]
[EventType "team-tourn"]
[EventRounds "9"]
[EventCountry "CRO"]
[SourceTitle "Mega2024 Update 01"]
[Source "Chessbase"]
[SourceDate "2023.11.12"]
[SourceVersion "1"]
[SourceVersionDate "2023.11.12"]
[SourceQuality "1"]
[WhiteTeam "Djakovo Limmont (W)"]
[BlackTeam "Zagreb Caissa (W)"]
[WhiteTeamCountry "CRO"]
[BlackTeamCountry "CRO"]

1. d4 Nf6 2. Nf3 e6 3. Bf4 c5 4. e3 Qa5+ 5. Qd2 Qb6 6. c3 d6 7. Na3 d5 8. Nb5 Na6 9. a4 c4 10. b4 Bd7 11. Na3 Ne4 12. Qc2 Nxc3 13. a5 Qxb4 14. Nd2 Qxa5 15. Qxc3 0-1

[Event "Hvar Arsenal op"]
[Site "Hvar"]
[Date "2022.10.13"]
[Round "8"]
[White "Cvetkovic, Erik"]
[Black "Sulc, Gordana"]
[Result "0-1"]
[WhiteElo "1747"]
[BlackElo "1840"]
[PlyCount "76"]
[EventDate "2022.10.08"]
[EventType "swiss"]
[EventRounds "9"]
[EventCountry "CRO"]
[SourceTitle "CBM 210 Extra"]
[Source "ChessBase"]
[SourceDate "2022.11.30"]
[SourceVersion "1"]
[SourceVersionDate "2022.11.30"]
[SourceQuality "1"]

1. d4 Nf6 2. c4 e6 3. g3 Bb4+ 4. Nd2 c5 5. a3 Bxd2+ 6. Qxd2 cxd4 7. Nf3 d5 8. Nxd4 0-0 9. Bg2 Na6 10. b4 dxc4 11. Bb2 Nc7 12. Rc1 Qe7 13. Rxc4 Rd8 14. Qc2 Nce8 15. 0-0 a6 16. Nb3 Nd5 17. Bd4 b6 18. e4 b5 19. Bc5 Qc7 20. Rd4 Nb6 21. Qd3 Rxd4 22. Qxd4 Nc4 23. Rd1 e5 24. Qc3 Be6 25. Bf1 f6 26. Bxc4 Bxc4 27. Na5 Be6 28. Qd3 Rc8 29. h4 h6 30. Kg2 Qf7 31. a4 bxa4 32. Qxa6 f5 33. Nb7 Bc4 34. Qb6 fxe4 35. Rd8 Qf3+ 36. Kg1 e3 37. Bxe3 Bd5 38. Kf1 Qd1# 0-1

[Event "CRO-ch Seniors"]
[Site "Malinska"]
[Date "2018.11.05"]
[Round "3"]
[White "Mandekic, Ivan"]
[Black "Sulc, Gordana"]
[Result "1-0"]
[WhiteElo "2232"]
[BlackElo "1856"]
[PlyCount "53"]
[EventDate "2018.11.04"]
[EventType "swiss"]
[EventRounds "7"]
[EventCountry "CRO"]
[SourceTitle "CBM 187 Extra"]
[Source "ChessBase"]
[SourceDate "2018.11.04"]
[SourceVersion "1"]
[SourceVersionDate "2018.11.04"]
[SourceQuality "1"]

1. c4 Nf6 2. g3 e6 3. Bg2 c5 4. Nf3 Nc6 5. 0-0 d6 6. d4 cxd4 7. Nxd4 Nxd4 8. Qxd4 h6 9. Nc3 a5 10. b3 Be7 11. Ba3 0-0 12. Rad1 Ra6 13. e4 e5 14. Qe3 Qb6 15. Qe2 Bg4 16. Bf3 Be6 17. Rd2 Rd8 18. Rfd1 Rd7 19. Kg2 Qd8 20. h3 Rc6 21. Kh2 Qb8 22. Bg2 b6 23. Nb5 Bf8 24. Qe3 Ne8 25. f4 exf4 26. gxf4 f6 27. Nd4 1-0

[Event "CRO-chT (Women) 27th"]
[Site "Biograd"]
[Date "2018.09.15"]
[Round "9.42"]
[White "Sulc, Gordana"]
[Black "Blazeka, Mihaela"]
[Result "1-0"]
[WhiteElo "1866"]
[BlackElo "2048"]
[PlyCount "83"]
[EventDate "2018.09.08"]
[EventType "team-tourn"]
[EventRounds "9"]
[EventCountry "CRO"]
[SourceTitle "CBM 186 Extra"]
[Source "ChessBase"]
[SourceDate "2018.08.24"]
[SourceVersion "1"]
[SourceVersionDate "2018.08.24"]
[SourceQuality "1"]
[WhiteTeam "Djakovo Limmont (W)"]
[BlackTeam "Zagreb Mladost (W)"]
[WhiteTeamCountry "CRO"]
[BlackTeamCountry "CRO"]

1. e4 e5 2. Nf3 Nc6 3. Bb5 a6 4. Ba4 Nf6 5. 0-0 Be7 6. Re1 b5 7. Bb3 d6 8. c3 0-0 9. h3 Nb8 10. d4 Nbd7 11. Nbd2 Bb7 12. Bc2 c5 13. b3 cxd4 14. cxd4 exd4 15. Nxd4 Re8 16. Nf5 Bf8 17. Bb2 g6 18. Ng3 Bg7 19. Bd4 Rc8 20. Rc1 Nc5 21. b4 Ne6 22. Ba1 Qb6 23. Nb3 Re7 24. Qd2 Rd7 25. Kh2 Rcd8 26. f4 d5 27. Bxf6 Bxf6 28. e5 Bh4 29. Nc5 Nxc5 30. bxc5 Qc6 31. Qd4 Be7 32. Bd3 Rc7 33. f5 Bxc5 34. Qg4 Kh8 35. Rc2 Qe8 36. e6 Bd6 37. Rxc7 Bxc7 38. Re2 Bc8 39. Qd4+ Kg8 40. Qf6 Rd6 41. Rc2 Bd8 42. exf7+ 1-0

[Event "CRO-chT (Women) 27th"]
[Site "Biograd"]
[Date "2018.09.12"]
[Round "6.42"]
[White "Stadler, Brigita"]
[Black "Sulc, Gordana"]
[Result "1-0"]
[WhiteElo "2067"]
[BlackElo "1866"]
[PlyCount "107"]
[EventDate "2018.09.08"]
[EventType "team-tourn"]
[EventRounds "9"]
[EventCountry "CRO"]
[SourceTitle "CBM 186 Extra"]
[Source "ChessBase"]
[SourceDate "2018.08.24"]
[SourceVersion "1"]
[SourceVersionDate "2018.08.24"]
[SourceQuality "1"]
[WhiteTeam "Cakovec (W)"]
[BlackTeam "Djakovo Limmont (W)"]
[WhiteTeamCountry "CRO"]
[BlackTeamCountry "CRO"]

1. e4 c5 2. Nc3 a6 3. f4 b5 4. d3 Bb7 5. Nf3 e6 6. g3 b4 7. Ne2 d5 8. e5 h5 9. Bg2 Nh6 10. Be3 Nf5 11. Bf2 Be7 12. h3 Nd7 13. c3 a5 14. a3 Bc6 15. axb4 axb4 16. 0-0 Rxa1 17. Qxa1 bxc3 18. bxc3 0-0 19. Qb2 Qb8 20. Rb1 Qc7 21. Nd2 Rb8 22. Qc2 Ra8 23. c4 dxc4 24. dxc4 Bxg2 25. Kxg2 Ra3 26. Qe4 Nb6 27. Rb3 Ra2 28. Nf3 g6 29. Nc3 Ra1 30. Nb5 Qd8 31. Rd3 Qa8 32. Qxa8+ Rxa8 33. Nd2 Ra4 34. Nd6 Nd4 35. Bxd4 Bxd6 36. exd6 cxd4 37. Rxd4 Nd7 38. Rd3 Ra5 39. Nb3 Ra2+ 40. Kf3 Kf8 41. c5 Rc2 42. Ke3 Ke8 43. Kd4 Nb8 44. Rc3 Nc6+ 45. Kc4 Rxc3+ 46. Kxc3 Kd7 47. Nd4 Na7 48. Kb4 f6 49. Kc4 Nc8 50. Kb5 e5 51. fxe5 fxe5 52. Nf3 Na7+ 53. Kc4 e4 54. Ne5+ 1-0

[Event "CRO-chT (Women) 27th"]
[Site "Biograd"]
[Date "2018.09.09"]
[Round "3.12"]
[White "Spiranec, Noemi"]
[Black "Sulc, Gordana"]
[Result "1-0"]
[WhiteElo "2035"]
[BlackElo "1866"]
[PlyCount "111"]
[EventDate "2018.09.08"]
[EventType "team-tourn"]
[EventRounds "9"]
[EventCountry "CRO"]
[SourceTitle "CBM 186 Extra"]
[Source "ChessBase"]
[SourceDate "2018.08.24"]
[SourceVersion "1"]
[SourceVersionDate "2018.08.24"]
[SourceQuality "1"]
[WhiteTeam "Sisak (W)"]
[BlackTeam "Djakovo Limmont (W)"]
[WhiteTeamCountry "CRO"]
[BlackTeamCountry "CRO"]

1. d4 Nf6 2. c4 e6 3. g3 Bb4+ 4. Bd2 Be7 5. Bg2 d5 6. Nf3 0-0 7. 0-0 c6 8. Qc2 dxc4 9. Qxc4 b5 10. Qc2 Bb7 11. Nc3 a6 12. Ne4 Nxe4 13. Qxe4 Nd7 14. Rac1 Rc8 15. b4 Re8 16. Rfd1 Nf6 17. Qb1 Nd5 18. Ne5 f6 19. Nd3 Bf8 20. e4 Nb6 21. Bc3 Nc4 22. Nb2 Nb6 23. Qc2 Rc7 24. a4 Rd7 25. a5 Nc8 26. Qb3 Kh8 27. Bh3 Qe7 28. Nd3 Qf7 29. Nf4 Rde7 30. Bg2 e5 31. Qxf7 Rxf7 32. Nd3 exd4 33. Bxd4 Rd8 34. Nc5 Bxc5 35. Bxc5 Rfd7 36. Rxd7 Rxd7 37. Bh3 Rd8 38. Kf1 g6 39. Ke2 Kg7 40. Rc3 Kf7 41. Rd3 Rxd3 42. Kxd3 Ne7 43. Bxe7 Kxe7 44. Kd4 Kd6 45. f4 c5+ 46. bxc5+ Kc6 47. Be6 Kc7 48. g4 h6 49. e5 fxe5+ 50. Kxe5 Bf3 51. f5 gxf5 52. gxf5 Kc6 53. Kd4 Kc7 54. f6 Kd8 55. Bc8 b4 56. Bxa6 1-0

[Event "CRO-chT (Women) 27th"]
[Site "Biograd"]
[Date "2018.09.08"]
[Round "1.22"]
[White "Medic, Mirjana"]
[Black "Sulc, Gordana"]
[Result "1-0"]
[WhiteElo "2167"]
[BlackElo "1866"]
[PlyCount "83"]
[EventDate "2018.09.08"]
[EventType "team-tourn"]
[EventRounds "9"]
[EventCountry "CRO"]
[SourceTitle "CBM 186 Extra"]
[Source "ChessBase"]
[SourceDate "2018.08.24"]
[SourceVersion "1"]
[SourceVersionDate "2018.08.24"]
[SourceQuality "1"]
[WhiteTeam "Busevec Polet (W)"]
[BlackTeam "Djakovo Limmont (W)"]
[WhiteTeamCountry "CRO"]
[BlackTeamCountry "CRO"]

1. d4 Nf6 2. c4 e6 3. Nc3 Bb4 4. e3 0-0 5. Bd3 d5 6. Nf3 c5 7. 0-0 cxd4 8. exd4 dxc4 9. Bxc4 Qc7 10. Qd3 Nbd7 11. Nb5 Qb8 12. a3 Ba5 13. b4 a6 14. Nc3 Bc7 15. b5 Nb6 16. Bb3 axb5 17. Bg5 Ng4 18. g3 h6 19. Be7 Re8 20. Bb4 Nf6 21. Nxb5 Nbd5 22. Bd2 Ba5 23. Bxa5 Rxa5 24. Ne5 Ne7 25. a4 Rd8 26. Qc3 Ra8 27. Rac1 Nfd5 28. Qf3 Nf6 29. Rfd1 Ned5 30. Rd2 Bd7 31. Bxd5 Bxb5 32. Bxe6 fxe6 33. axb5 Rd5 34. Qe2 Qe8 35. Rc5 Nd7 36. Rxd5 exd5 37. Rc2 Nxe5 38. dxe5 Ra1+ 39. Kg2 Rb1 40. Rc5 Qe6 41. Qd3 b6 42. Rc6 1-0

[Event "Osijek-Baranja CupT 11th"]
[Site "Nasice"]
[Date "2018.02.17"]
[Round "2.2"]
[White "Grandic, Zvjezdan"]
[Black "Sulc, Gordana"]
[Result "1-0"]
[WhiteElo "2210"]
[BlackElo "1862"]
[PlyCount "83"]
[EventDate "2018.02.16"]
[EventType "team-swiss"]
[EventRounds "5"]
[EventCountry "CRO"]
[SourceTitle "EXT 2023"]
[Source "ChessBase"]
[SourceDate "2022.10.05"]
[SourceVersion "1"]
[SourceVersionDate "2022.10.05"]
[SourceQuality "1"]
[WhiteTeam "Nasice Slavonac"]
[BlackTeam "Djakovo III"]
[WhiteTeamCountry "CRO"]
[BlackTeamCountry "CRO"]

1. e4 c5 2. Nf3 d6 3. d4 cxd4 4. Nxd4 Nf6 5. Nc3 a6 6. Be3 e5 7. Nb3 Be6 8. Qd2 Nbd7 9. f3 b5 10. Qf2 Rb8 11. 0-0-0 Be7 12. g4 Nb6 13. Nc5 b4 14. Nb1 Bxa2 15. Nxa6 Nc4 16. Nxb8 Qxb8 17. b3 Nxe3 18. Qxe3 Bxb1 19. Kxb1 0-0 20. Bc4 Qc7 21. Kb2 d5 22. exd5 Bc5 23. d6 Bxd6 24. g5 Bc5 25. Qe2 Nh5 26. Qe4 Kh8 27. Rd5 f5 28. Rxc5 Qxc5 29. Qd5 Qxd5 30. Bxd5 Nf4 31. Bc4 Nh3 32. Re1 Nxg5 33. Bd5 e4 34. fxe4 fxe4 35. h4 Rd8 36. Bc6 Nf3 37. Rxe4 Nd4 38. Bd7 g5 39. Rxd4 gxh4 40. Rd3 h6 41. Bh3 Rg8 42. Rd4 1-0

[Event "Zadar op-B 23rd"]
[Site "Zadar"]
[Date "2016.12.11"]
[Round "1"]
[White "Medancic, Rikard"]
[Black "Sulc, Gordana"]
[Result "1-0"]
[WhiteElo "2267"]
[BlackElo "1888"]
[PlyCount "75"]
[EventDate "2016.12.11"]
[EventType "swiss"]
[EventRounds "9"]
[EventCountry "CRO"]
[SourceTitle "CBM 176 Extra"]
[Source "ChessBase"]
[SourceDate "2017.03.02"]
[SourceVersion "1"]
[SourceVersionDate "2017.03.02"]
[SourceQuality "1"]

1. b3 c5 2. Bb2 Nc6 3. Nf3 e6 4. d4 Nf6 5. g3 cxd4 6. Nxd4 Bb4+ 7. c3 Bc5 8. Nxc6 bxc6 9. Bg2 Qb6 10. 0-0 Ng4 11. e3 f5 12. c4 0-0 13. h3 Nf6 14. Nc3 Qb8 15. Rc1 a5 16. Qc2 Nh5 17. Na4 Bd6 18. Rfd1 Ra6 19. Qd3 c5 20. Ba3 Qc7 21. Qe2 Nf6 22. Rxd6 Rxd6 23. Bxc5 Rf7 24. Bxd6 Qxd6 25. Rd1 Qc7 26. Qd2 Bb7 27. Nc3 Bxg2 28. Kxg2 Ne4 29. Nxe4 fxe4 30. Qd6 Qb7 31. Rd4 a4 32. b4 a3 33. b5 Qa8 34. b6 Qb7 35. Qc7 d5 36. Qxb7 Rxb7 37. c5 Kf7 38. Rb4 1-0

[Event "Topusko op 4th"]
[Site "Topusko"]
[Date "2015.08.08"]
[Round "9"]
[White "Sulc, Gordana"]
[Black "Slobodanac, Sinisa"]
[Result "1/2-1/2"]
[WhiteElo "1921"]
[BlackElo "1839"]
[PlyCount "36"]
[EventDate "2015.08.01"]
[EventType "swiss"]
[EventRounds "9"]
[EventCountry "CRO"]
[SourceTitle "CBM 167 Extra"]
[Source "ChessBase"]
[SourceDate "2015.09.14"]
[SourceVersion "1"]
[SourceVersionDate "2015.09.14"]
[SourceQuality "1"]

1. e4 b6 2. d4 Bb7 3. Bd3 e6 4. Qe2 Nf6 5. Nd2 d5 6. e5 Nfd7 7. Ngf3 c5 8. c3 Nc6 9. h4 h6 10. a3 Be7 11. b4 a6 12. Nf1 cxd4 13. cxd4 b5 14. Rb1 Nb6 15. N1d2 Nc4 16. Nb3 a5 17. Nc5 Qb6 18. h5 axb4 1/2-1/2

[Event "Topusko op 4th"]
[Site "Topusko"]
[Date "2015.08.06"]
[Round "7"]
[White "Sulc, Gordana"]
[Black "Zugaj, Marijan"]
[Result "1/2-1/2"]
[WhiteElo "1921"]
[BlackElo "1878"]
[PlyCount "77"]
[EventDate "2015.08.01"]
[EventType "swiss"]
[EventRounds "9"]
[EventCountry "CRO"]
[SourceTitle "CBM 167 Extra"]
[Source "ChessBase"]
[SourceDate "2015.09.14"]
[SourceVersion "1"]
[SourceVersionDate "2015.09.14"]
[SourceQuality "1"]

1. e4 e5 2. Nf3 Nc6 3. Bb5 a6 4. Ba4 Nf6 5. d3 d6 6. c3 Be7 7. 0-0 0-0 8. Re1 Bg4 9. Nbd2 b5 10. Bc2 Re8 11. Nf1 h6 12. h3 Bd7 13. Ng3 Bf8 14. Bd2 Ne7 15. Nh4 Ng6 16. Nxg6 fxg6 17. d4 Qc8 18. Qf3 c5 19. dxc5 dxc5 20. Bxh6 Re7 21. Bg5 Rf7 22. Qe2 Be6 23. b3 c4 24. b4 a5 25. a3 Qb7 26. Red1 Be7 27. Be3 Raf8 28. Rd2 Qc8 29. Kh2 a4 30. Rf1 Nh7 31. Nh1 Bg5 32. Rd6 Bxh3 33. Bxg5 Bxg2 34. Kxg2 Nxg5 35. Qe3 Rf4 36. Rxg6 Nf3 37. Rg3 Nh4+ 38. Kg1 Nf3+ 39. Kg2 1/2-1/2

[Event "Topusko op 4th"]
[Site "Topusko"]
[Date "2015.08.02"]
[Round "2"]
[White "Kablar, Dorian"]
[Black "Sulc, Gordana"]
[Result "0-1"]
[WhiteElo "1510"]
[BlackElo "1921"]
[PlyCount "138"]
[EventDate "2015.08.01"]
[EventType "swiss"]
[EventRounds "9"]
[EventCountry "CRO"]
[SourceTitle "CBM 167 Extra"]
[Source "ChessBase"]
[SourceDate "2015.09.14"]
[SourceVersion "1"]
[SourceVersionDate "2015.09.14"]
[SourceQuality "1"]

1. e4 c5 2. c3 Nf6 3. e5 Nd5 4. d4 e6 5. Nf3 b6 6. Bc4 Bb7 7. 0-0 Na6 8. Re1 Be7 9. Qe2 Nac7 10. Bd3 a6 11. Be4 Ra7 12. Rd1 b5 13. Be3 Nxe3 14. Qxe3 Bxe4 15. Qxe4 c4 16. b3 cxb3 17. axb3 0-0 18. c4 bxc4 19. bxc4 d5 20. exd6 Qxd6 21. c5 Qd5 22. Qxd5 Nxd5 23. Ne5 Rc8 24. Rc1 f6 25. Nd3 Rc6 26. Nd2 Bd8 27. Nc4 Bc7 28. Ne3 Nf4 29. Nxf4 Bxf4 30. g3 Bh6 31. f4 g5 32. Ng4 Bg7 33. Nf2 gxf4 34. gxf4 f5 35. Rd1 Rd7 36. Ra4 Kf8 37. Nh3 Rxc5 38. Ng5 Rc6 39. Nxh7+ Ke8 40. Ng5 Rcd6 41. Nf3 Bh6 42. Ne5 Rd8 43. Re1 Bxf4 44. Ng6 Bd2 45. Re2 Bc3 46. d5 Rxd5 47. Rxe6+ Kf7 48. Raxa6 Ra5 49. Nh4 Rxa6 50. Rxa6 Bd4+ 51. Kg2 f4 52. Kf3 Be5 53. Ra3 Rd2 54. h3 Kf6 55. Kg4 Bd6 56. Ra6 Rd3 57. Ng2 Rg3+ 58. Kh4 Kf5 59. Rxd6 Rxg2 60. Rd1 Rg8 61. Rd5+ Ke4 62. Ra5 f3 63. Ra4+ Ke3 64. Ra3+ Ke2 65. Ra2+ Kf1 66. Rb2 f2 67. Ra2 Kg1 68. Rd2 Rh8+ 69. Kg3 f1Q 0-1

[Event "Osijek-ch op"]
[Site "Osijek"]
[Date "2014.02.22"]
[Round "6"]
[White "Benes, Bedrich"]
[Black "Sulc, Gordana"]
[Result "1/2-1/2"]
[WhiteElo "1996"]
[BlackElo "1923"]
[PlyCount "63"]
[EventDate "2014.02.20"]
[EventType "swiss"]
[EventRounds "7"]
[EventCountry "CRO"]
[SourceTitle "CBM 159 Extra"]
[Source "ChessBase"]
[SourceDate "2014.04.24"]
[SourceVersion "1"]
[SourceVersionDate "2014.04.24"]
[SourceQuality "1"]

1. d4 Nf6 2. c4 e6 3. Nc3 Bb4 4. e3 0-0 5. Bd3 Bxc3+ 6. bxc3 c5 7. Nf3 d6 8. 0-0 Nc6 9. h3 b6 10. e4 e5 11. d5 Ne7 12. Bg5 Ne8 13. Qc2 f6 14. Bd2 Ng6 15. Rae1 Bd7 16. Nh2 Qc8 17. f4 exf4 18. Bxf4 Nxf4 19. Rxf4 g6 20. Ref1 Qd8 21. Ng4 Bxg4 22. Rxg4 Ng7 23. Qf2 Qe7 24. Qh4 Qe5 25. Qe1 Rae8 26. Qd2 g5 27. Qe1 h5 28. Rg3 h4 29. Rg4 Kh7 30. Rf3 Kg8 31. Bc2 Rf7 32. Qf2 1/2-1/2

[Event "Djakovo (Women) op"]
[Site "Djakovo"]
[Date "2014.01.11"]
[Round "2"]
[White "Saric, Zrinka"]
[Black "Sulc, Gordana"]
[Result "1-0"]
[WhiteElo "2096"]
[BlackElo "1923"]
[PlyCount "47"]
[EventDate "2014.01.11"]
[EventType "swiss"]
[EventRounds "5"]
[EventCountry "CRO"]
[SourceTitle "EXT 2016"]
[Source "ChessBase"]
[SourceDate "2015.10.08"]
[SourceVersion "1"]
[SourceVersionDate "2015.10.08"]
[SourceQuality "1"]

1. e4 c5 2. Nf3 d6 3. d4 cxd4 4. Nxd4 Nf6 5. Nc3 a6 6. Be2 e6 7. Be3 Be7 8. 0-0 0-0 9. Nb3 Nc6 10. Qd2 Qc7 11. f4 b5 12. Bf3 Rb8 13. Rfe1 b4 14. Ne2 e5 15. c3 Bg4 16. cxb4 Bxf3 17. gxf3 exf4 18. Nxf4 Ne5 19. Qg2 Rxb4 20. Rac1 Qb8 21. Rc2 Rc4 22. Rxc4 Nxc4 23. Bd4 Qb5 24. Nd5 1-0

[Event "Valpovo op (Women)"]
[Site "Valpovo"]
[Date "2013.12.07"]
[Round "4"]
[White "Hlavac, Iva"]
[Black "Sulc, Gordana"]
[Result "1-0"]
[WhiteElo "1923"]
[BlackElo "1923"]
[PlyCount "128"]
[EventDate "2013.12.06"]
[EventType "swiss"]
[EventRounds "7"]
[EventCountry "CRO"]
[SourceTitle "CBM 157 Extra"]
[Source "ChessBase"]
[SourceDate "2013.12.19"]
[SourceVersion "1"]
[SourceVersionDate "2013.12.19"]
[SourceQuality "1"]

1. e4 c5 2. Nf3 a6 3. d4 cxd4 4. Nxd4 Nf6 5. Nc3 e5 6. Nb3 Bb4 7. Bd3 d5 8. Bd2 Bxc3 9. Bxc3 dxe4 10. Bc4 Qxd1+ 11. Rxd1 Nc6 12. 0-0 0-0 13. Na5 Nxa5 14. Bxa5 Bg4 15. Rd2 Rac8 16. Bb3 Rfe8 17. h3 Be6 18. Bxe6 Rxe6 19. Rfd1 h6 20. Rd8+ Rxd8 21. Rxd8+ Kh7 22. Bb4 Kg6 23. Kf1 b5 24. Ke2 h5 25. Ke3 Kf5 26. Bf8 g5 27. Bg7 g4 28. Rf8 Nd5+ 29. Kd2 Kg6 30. Bh8 Ne7 31. hxg4 hxg4 32. Rd8 f5 33. Ke3 Kf7 34. Rd7 Ke8 35. Ra7 Nd5+ 36. Kd2 Nf4 37. g3 Ng6 38. Bg7 f4 39. Bh6 Rd6+ 40. Ke2 fxg3 41. fxg3 Nf4+ 42. Bxf4 exf4 43. gxf4 Rg6 44. Rh7 g3 45. Rh1 g2 46. Rg1 Rg3 47. Kf2 Rf3+ 48. Kxg2 Rxf4 49. Re1 Kd7 50. Rf1 Rg4+ 51. Kf2 Ke6 52. Ke3 Ke5 53. c3 Rg3+ 54. Ke2 a5 55. Rf8 Rg2+ 56. Rf2 Rg3 57. Rf8 b4 58. Re8+ Kd5 59. Rd8+ Kc6 60. cxb4 axb4 61. Rd2 Kc5 62. b3 Rg2+ 63. Ke3 Rxd2 64. Kxd2 Kd4 1-0